000 00517nam a22001697a 4500
003 PILC
005 20150112093445.0
008 130214t xxu||||| |||| 00| 0 eng d
020 _a9711604574
050 _aKPM 1100
_b.In61 2001
082 _aFil 346.5990
_bIn8 2001
110 _aCentral Book Supply, Inc.
_922803
245 _aIntellectual property code of the Philippines :
_bupdated IRRs and related laws /
260 _aManila
_bCentral Book Supply
_c2001.
300 _a454 pages :
_c23 cm.
942 _2lcc
_cBK
999 _c14881
_d14881